1808 1063 1696 1838 1938 1214 1664 1315 1621 1796 1751 1028 1618 1130 1050 1803 1895 1770 1723 1685 1924 1692 1144 1405 1902 1466 1943 1794 1587 1744 1151 1495 1412 1637 1874 1795 1220 1385 1492 1130 1992 1046 1091 1496 1764 1315 1786 1962 1075 1331 1920 1746 1612 1505 1921 1498 1231 1847 1383 1000 1582 1061 1125 1564 1621 1150 1021 1681 1027 1737 1821 1861 1780 1374 1049 1309 1690 1998 1394 1017 1456 1556 1063 1110 1422 1039 1082 1293 1606 1024 1042 1286 1706 1548 1846 1115 1733 1780 1908 BCNSPRNW ULIB Ver.6.0+V

เปลี่ยนเป็นภาษาไทย

Change to English
 แสดงรายละเอียดบรรณานุกรม
  กลับหน้าหลัก

Brief Record : Get Marc (ISO 2709) : E-mail record : QR code < ปิดหน้าต่าง
LEADER : 00000nam 2200000uu 4500
001    13399113470
003     ULIB
008    111121s2552||||th 000 0 tha d
020    ^a9786110300735
060 04 ^aQZ200^bธ321ม
100 0  ^aธรรมปราโมทย์
245 10 ^aมะเร็งไม่น่ากลัวอย่างที่คิด /^cรวบรวมเรียบเรียงธรรมปราโมทย์
250    ^aพิมพ์ครั้งที่ 2
260    ^aกรุงเทพฯ :^bธรรมสภา สถาบันบันลือธรรม,^c2552
300    ^a281 หน้า :^bภาพประกอบสี ;^c22 ซม.
500    ^aชื่อเรื่องจากปกนอก
650  7 ^aมะเร็ง
650  7 ^aมะเร็ง^xการรักษา
650  7 ^aมะเร็ง^xผู้ป่วย^xการดูแล
710 2  ^aสถาบันบันลือธรรม
945    ^p180^l0^i16106
995    ^aกัณชพร
999    ^aใช้งานได้ทุกระบบ
รายการนี้ยังไม่มีแท็ก
คุณยังไม่ได้ล็อกอิน คุณสามารถมีกิจกรรมร่วมกับเว็บไซต์ได้ แต่ต้องล็อกอินก่อน ::
  ล็อกอิน

รายการสื่อสารสนเทศ

ลำดับที่ ประเภท เลขเรียก/บาร์โค้ด สถานที่ สถานะ
- ไม่พบข้อมูล -

รายการใกล้เคียง
    ผู้แต่ง [ธรรมปราโมทย์]

    หัวเรื่อง [มะเร็ง]
    หัวเรื่อง [มะเร็ง การรักษา]
    หัวเรื่อง [มะเร็ง ผู้ป่วย การดูแล]

BibComment


ยังไม่เคยถูกคอมเมนท์

คอมเมนท์ทรัพยากรรายการนี้
  คอมเมนท์: มะเร็งไม่น่ากลัว..


 Copyright 2026. Bcnsprnw @Library